[Event "Challenge"]
[Site "http://www.queenalice.com/game.php?id=299334"]
[Date "2007.11.6"]
[Round "-"]
[White "biscoitolima"]
[Black "otnedia1"]
[Result "0-1"]
[WhiteElo "1128"]
[BlackElo "1408"]

1. Nf3 d5 2. d4 Nc6 3. g3 Bg4 4. Ng1 e5 5. dxe5 Nxe5 6. a4 Bb4+ 7. c3 Ba5 8. f4
Nc4 9. Qd3 Nd6 10. Qxd5 Nf6 11. Qxa5 Bf5 12. Nd2 Qe7 13. Ra3 Nfe4 14. Ngf3 Nxd2
15. Bxd2 Nc4 16. Qxf5 Nxa3 17. bxa3 Qxa3 18. Ne5 Qa1+ 19. Kf2 Qxa4 20. Nxf7 O-O
21. e3 Rxf7 22. Qg4 Rd8 23. Bc1 Qc2+ 24. Be2 Qxc3 25. Qg5 Rf6 26. h4 a5 27. h5
Kf7 28. e4 h6 29. Qh4 g5 30. Qg4 Qc5+ 31. Ke1 Qxc1+ 32. Kf2 Qxh1 33. Bc4+ Kg7
34. e5 Rd2+ 35. Ke3 Qe1+ 36. Kf3 Qf2+ 37. Ke4 Rxf4+ 38. gxf4 Qd4+ 39. Kf5 Qxc4
40. Qf3 Qf7+ 41. Kg4 Qd7+ 42. f5 Qd4+ 43. Kg3 Qh4# 0-1

[Event "Challenge"]
[Site "http://www.queenalice.com/game.php?id=299602"]
[Date "2007.11.7"]
[Round "-"]
[White "biscoitolima"]
[Black "adriano_slater"]
[Result "0-1"]
[WhiteElo "1095"]
[BlackElo "1371"]

1. Nc3 d6 2. h4 e5 3. b4 Nc6 4. g3 Nxb4 5. e4 Be6 6. a3 Nc6 7. Nf3 Qf6 8. Ng5
O-O-O 9. Bb5 a6 10. Bxc6 bxc6 11. Rb1 d5 12. Ne2 Bc5 13. exd5 Qxf2# 0-1

[Event "Challenge"]
[Site "http://www.queenalice.com/game.php?id=299603"]
[Date "2007.11.7"]
[Round "-"]
[White "biscoitolima"]
[Black "julisses"]
[Result "0-1"]
[WhiteElo "1104"]
[BlackElo "1589"]

1. h4 e5 2. Nf3 Nc6 3. Rh3 d5 4. Rg3 Bf5 5. a4 Nb4 6. Nxe5 Nxc2+ 7. Qxc2 Bxc2 8.
Na3 Bxa4 9. Rf3 Qxh4 10. Nxf7 Bc5 11. Nxh8 Qb4 12. Nf7 Nf6 13. Ne5 g5 14. Rxf6
Qb3 15. f3 Qd1# 0-1

[Event "AUTO-OPEN-894"]
[Site "http://www.queenalice.com/game.php?id=300405"]
[Date "2007.11.8"]
[Round "1"]
[White "leandropiccolo"]
[Black "biscoitolima"]
[Result "0-1"]
[WhiteElo "1328"]
[BlackElo "1042"]

1. e4 a5 2. d3 Ra6 3. Nc3 d6 4. Nf3 e5 5. Bg5 f6 6. Bh4 Rb6 7. Nd5 Rxb2 8. g3 c6
9. Qc1 Rb5 10. Nc3 Rc5 11. Na4 Rb5 12. Nd2 Bg4 13. h3 Bh5 14. Nc4 d5 15. g4 Bg6
16. Ncb6 dxe4 17. c4 Rb4 18. g5 fxg5 19. Bg3 exd3 20. Bxe5 Rxb6 21. Nxb6 Qxb6
22. Rb1 Bb4+ 0-1

[Event "AUTO-OPEN-894"]
[Site "http://www.queenalice.com/game.php?id=300406"]
[Date "2007.11.8"]
[Round "1"]
[White "biscoitolima"]
[Black "leandropiccolo"]
[Result "1-0"]
[WhiteElo "1009"]
[BlackElo "1328"]

1. g4 d6 2. d3 e5 3. h3 Nf6 4. g5 Nd5 5. e4 Nb4 6. a4 f5 7. exf5 Bxf5 8. h4 Qd7
9. Rh2 e4 10. dxe4 Bxe4 11. Qd4 Qe7 12. Qxb4 c5 13. Qb5+ Bc6+ 14. Qe2 Nd7 15.
Ra3 Ne5 16. Re3 Bxa4 17. b3 Bc6 18. Bh3 g6 19. Bb2 a6 20. Bxe5 dxe5 21. Rxe5 Rd8
22. Rxe7+ Bxe7 23. f3 1-0

[Event "AUTO-OPEN-894"]
[Site "http://www.queenalice.com/game.php?id=300427"]
[Date "2007.11.8"]
[Round "1"]
[White "hooligan"]
[Black "biscoitolima"]
[Result "1-0"]
[WhiteElo "968"]
[BlackElo "1139"]

1. e4 e5 2. c4 d6 3. d3 a5 4. h4 c5 5. h5 a4 6. g3 Qa5+ 7. Nd2 f6 8. Rb1 Nc6 9.
a3 g6 10. f4 gxh5 11. Rxh5 exf4 12. gxf4 Nh6 13. Nf3 Rg8 14. Nh4 Bg4 15. b4 Nxb4
16. Ndf3 Nxd3+ 17. Ke2 Nxf4+ 18. Ke3 Bxf3 19. Qxf3 Rg4 20. Rf5 Nxf5+ 21. Nxf5
Qc3+ 22. Bd3 Qe1+ 23. Be2 Nxe2 24. Qxg4 Nf4+ 25. Kxf4 Qf2+ 26. Qf3 Qc2 27. Rxb7
Qxc1+ 28. Ne3 Qxa3 29. Qh5+ Kd8 30. Qf7 Bh6+ 31. Kg4 Kc8 32. Rc7+ Kd8 33. Rb7
Qxe3 34. Qg8+ Bf8 35. Qxf8# 1-0

[Event "AUTO-OPEN-894"]
[Site "http://www.queenalice.com/game.php?id=300428"]
[Date "2007.11.8"]
[Round "1"]
[White "biscoitolima"]
[Black "hooligan"]
[Result "1-0"]
[WhiteElo "1116"]
[BlackElo "990"]

1. f4 d6 2. h4 e5 3. fxe5 dxe5 4. Nf3 a5 5. Nxe5 f6 6. Nf3 a4 7. b4 h5 8. b5 c6
9. bxc6 bxc6 10. g3 Nd7 11. d4 Rh6 12. Bxh6 gxh6 13. Bh3 Rb8 14. d5 cxd5 15.
Qxd5 Rb2 16. Qxg8 Rxc2 17. Na3 Qa5+ 18. Kf2 Qb4 19. Nxc2 Qb2 20. Rad1 Qxc2 21.
Rxd7 Bxd7 22. Bxd7+ Kxd7 23. Qxf8 Qg6 24. Rd1+ Ke6 25. Qc8+ Kf7 26. Rd7+ Ke6 27.
e4 Qxe4 28. Rd4+ 1-0